00397nam a2200133 a 45000010005000000030005000050050017000100080041000270400020000681000021000882450083001092600038001926500033002302174CDMR20130926100542.0130130s1945||||||||||||||||||||||||||||d aCDMRbcatcCDMR1 aSentís, Carles13aLa paz vista desde Londresb: de Dachau a Picadilly en el día de la victoria aBarcelonac1945bSalvador Rosás04aGuerra Mundial II, 1939-1945